书目信息 |
| 题名: |
场论中对称性原理的化学应用
|
|
| 作者: | 赵学庄 著 | |
| 分册: | ||
| 出版信息: | 北京 科学出版社 1986 |
|
| 页数: | 194页 | |
| 开本: | 19cm | |
| 丛书名: | ||
| 单 册: | ||
| 中图分类: | O6-05 | |
| 科图分类: | ||
| 主题词: | 化学--理论 , 化学--方法 | |
| 电子资源: | ||
| ISBN: | ||
| 000 | 00694nam0 2200253 45 | |
| 001 | 0186010327 | |
| 005 | 20040907165613.0 | |
| 010 | @dCNY1.75 | |
| 091 | @a13031.3339 | |
| 100 | @a19900818d1986 em y0chiy0121 ea | |
| 101 | 0 | @achi |
| 102 | @aCN@b110000 | |
| 105 | @ay z 000yy | |
| 106 | @ar | |
| 200 | 10 | @a场论中对称性原理的化学应用@Achang lun zhong dui cheng xing yuan li de hua xue ying yong@f赵学庄著 |
| 210 | @a北京@c科学出版社@d1986 | |
| 215 | @a194页@d19cm | |
| 606 | 0 | @a化学@x理论 |
| 606 | 0 | @a化学@x方法 |
| 690 | @aO6-05@v3 | |
| 701 | 0 | @a赵学庄@Azhao xue zhuang@4著 |
| 801 | 0 | @aCN@b深圳图书馆@c20040520 |
| 801 | 2 | @aCN@bNLC@c20040520 |
| 905 | @dO6-05@e193@f1@b166279 | |
| 场论中对称性原理的化学应用/赵学庄著.-北京:科学出版社,1986 |
| 194页;19cm |
| ISBN :CNY1.75 |
| ● |
| 相关链接 |
|
|
|
|
正题名:场论中对称性原理的化学应用
索取号:O6-05/193
 
预约/预借
| 序号 | 登录号 | 条形码 | 馆藏地/架位号 | 状态 | 备注 |
| 1 | 0166278 | 000340615 | 第三借阅区/ [索取号:O6-05/193] | 在馆 | |
| 2 | 0166279 | 001948245 | 第三借阅区/ [索取号:O6-05/193] | 在馆 | |
| 3 | 0166280 | 000340624 | 第二样本阅览室/ [索取号:O6-05/193] | 在馆 |